| 000 | 00611nam a22001817a 4500 | ||
|---|---|---|---|
| 020 | _qHard Cover. | ||
| 082 | _a004 | ||
| 100 | _aAshraf, Bilal , Muhammad Umer Younas | ||
| 245 |
_aTotal Quality Management (TQM) / _cBilal Ashraf, Muhammad Umer Younas |
||
| 260 |
_aIslamabad : _bSEECS -NUST, |
||
| 300 |
_a31 p. : ill. ; _c30cm. |
||
| 563 | _aHB | ||
| 650 |
_aCommunication Systems Engineering-Project Report _934555 |
||
| 700 |
_aMr. Muhammad Yousaf. _931155 |
||
| 856 | _uhttp://10.250.8.41:8080/xmlui/handle/123456789/29379 | ||
| 942 |
_2ddc _cPR |
||
| 999 |
_c540552 _d540552 |
||